000 00708nam a2200205Ii 4500
003 JO-AjNU
008 230605s9999||||xx |||||||||||||| ||und||
040 _aJO-AjNU
_bara
_erda
_cJO-AjNU
041 _aara
050 1 4 _aBP155.M876 1981
100 3 _aنظمة وشرحه شحادة، موسى محمد,
_eauthor
_940343
245 0 0 _aمنظومة الذهب المنجلي في الفقه الحنبلي مقيدا بدليل الطالب، ج2
250 _aط1
264 3 1 _aدمشق: دار الفكر، 1981
300 _aج2، 296ص
336 _atext
_btxt
_2rdacontent
337 _aunmediated
_bn
_2rdamedia
338 _avolume
_bnc
_2rdacarrier
650 4 _aالفقة الحنبلي
_940344
999 _aA17112
_c20680
_d20680